Household water use assessment at Changzamtog and Changjiji area in Thimphu (Record no. 8243)

MARC details
000 -LEADER
fixed length control field 00393nam a22001337a 4500
008 - FIXED-LENGTH DATA ELEMENTS--GENERAL INFORMATION
fixed length control field 190807b ||||| |||| 00| 0 eng d
082 ## - DEWEY DECIMAL CLASSIFICATION NUMBER
Classification number BSC.ENV CAP NO.24
100 ## - MAIN ENTRY--PERSONAL NAME
Personal name Bidha, Wesal
245 ## - TITLE STATEMENT
Title Household water use assessment at Changzamtog and Changjiji area in Thimphu
260 ## - PUBLICATION, DISTRIBUTION, ETC.
Place of publication, distribution, etc. Thimphu ;
Name of publisher, distributor, etc. Royal Thimphu College,
Date of publication, distribution, etc. 2019.
300 ## - PHYSICAL DESCRIPTION
Extent 24 p.
Dimensions 30 cm.
650 ## - SUBJECT ADDED ENTRY--TOPICAL TERM
Topical term or geographic name entry element BSC. ENV
942 ## - Added entry Elements (Koha)
Source of classification or shelving scheme Dewey Decimal Classification
Holdings
Withdrawn status Lost status Source of classification or shelving scheme Damaged status Not for loan Collection code Home library Current library Shelving location Date acquired Serial Enumeration / chronology Total Checkouts Total Renewals Full call number Barcode Date last seen Date last checked out Price effective from Koha item type
    Dewey Decimal Classification     Student work RTC Library RTC Library Student work 07/08/2019 14209 13 3 BSC.ENV CAP NO.24 30013961 12/06/2023 23/05/2023 07/08/2019 Student Work
Royal Thimphu College || All Right Reserved